000 01083nam a22002777a 4500
003 dpl
005 20180719115704.0
008 180719b xxu||||| |||| 00| 0 eng d
010 _aA-732071
020 _c125.00
035 _aA-732071, A-732096
037 _bCen Lib/Ret
040 _aDPL
_bHN
_c0
082 _a
_bवशिष्ठ
100 _aवशिष्ठ, सुरेश
_963029
245 _aचली पिया के देस /
_cसुरेश वशिष्ठ
246 _aChali piya ke des /
_bby Suresh Vashishth
260 _aदिल्ली
_bचन्द्रमुखी प्रकाशन
_c1995
270 _bदिल्ली
_aई-578, मेन रोड-जगजीत नगर
_e110053
300 _a176पृ.
_c21सेमी (सजिल्द)
650 _aहिन्दी -- साहित्य
_963030
650 _aहिन्दी -- कहानियाँ
_963031
650 _aHindi -- Literature
_963032
650 _aHindi -- Stories
_963033
942 _2ddc
_cHN
_h
_mवशिष्ठ
999 _c115742
_d115742